skbl

Dr Suryya Kumar Bhuyan Library Web-OPAC
ডঃ সূৰ্য্য
কুমাৰ ভূঞা পুথিভঁৰাল ৱেব-অ'পেক

All Research Scholars are advised to clear the annual library fees to continue using Library Resources, Remote Access, Plagiarism Test and Library Clearance.

Cotton University Book Fair 2026

Studies In Tasawwuf (Record no. 57080)

MARC details
000 -LEADER
fixed length control field 00473nam a2200181Ia 4500
001 - CONTROL NUMBER
control field 57166
008 - FIXED-LENGTH DATA ELEMENTS--GENERAL INFORMATION
fixed length control field 131111n2003 ii |||gr||||Z||||||465
020 ## - INTERNATIONAL STANDARD BOOK NUMBER
International Standard Book Number 81-7151-333-6
082 ## - DEWEY DECIMAL CLASSIFICATION NUMBER
Classification number 297.5
245 #0 - TITLE STATEMENT
Title Studies In Tasawwuf
Statement of responsibility, etc. Khaja Khan
Medium Textual Documents
250 ## - EDITION STATEMENT
Edition statement Ist ed.
260 ## - PUBLICATION, DISTRIBUTION, ETC.
Place of publication, distribution, etc. Assam
Name of publisher, distributor, etc. Kitab Bhawan
Date of publication, distribution, etc. 2003
300 ## - PHYSICAL DESCRIPTION
Extent 221pg:
Dimensions 23cm.
653 ## - INDEX TERM--UNCONTROLLED
Uncontrolled term Islamic studies
653 ## - INDEX TERM--UNCONTROLLED
Uncontrolled term Deptt - Islamic Studies
700 ## - ADDED ENTRY--PERSONAL NAME
Personal name Khan, Khaja,
Relator term Author.
942 ## - ADDED ENTRY ELEMENTS (KOHA)
Source of classification or shelving scheme Dewey Decimal Classification
Koha item type Books
Holdings
Withdrawn status Lost status Damaged status Not for loan Collection Home library Current library Shelving location Date acquired Coded location qualifier Cost, normal purchase price Total checkouts Full call number Barcode Date last seen Copy number Price effective from Koha item type
          Dr. Suryya Kumar Bhuyan Library Dr. Suryya Kumar Bhuyan Library   11/11/2013 00000 300.00   297.5 Kh 527 St 1109/Isl 14/01/2024 1 11/11/2013 Books

Designed and Maintained by Team SKBL
©1901-2026

Powered by Koha